| 000 -LEADER |
| fixed length control field |
00345nam a2200145Ia 4500 |
| 003 - CONTROL NUMBER IDENTIFIER |
| control field |
OSt |
| 005 - DATE AND TIME OF LATEST TRANSACTION |
| control field |
20260218172240.0 |
| 008 - FIXED-LENGTH DATA ELEMENTS--GENERAL INFORMATION |
| fixed length control field |
260210s9999 xx 000 0 und d |
| 020 ## - INTERNATIONAL STANDARD BOOK NUMBER |
| International Standard Book Number |
9798182900331 |
| 100 ## - MAIN ENTRY--PERSONAL NAME |
| Personal name |
Ajay Khare |
| 245 #0 - TITLE STATEMENT |
| Title |
Temple Architecture Of Eastern India |
| 260 ## - PUBLICATION, DISTRIBUTION, ETC. (IMPRINT) |
| Name of publisher, distributor, etc |
Shubhi Publication |
| 300 ## - PHYSICAL DESCRIPTION |
| Extent |
212p; |
| 942 ## - ADDED ENTRY ELEMENTS (KOHA) |
| Item type |
UG Books |
| Source of classification or shelving scheme |
|